[Event "Bad Godesberg op 17th"]
[Site "Bad Godesberg"]
[Date "2013.08.04"]
[Round "2"]
[White "Buchfelder, Gerhard"]
[Black "Schumacher, Markus"]
[Result "1-0"]
[WhiteElo "1747"]
[BlackElo "1283"]
[PlyCount "147"]
[EventDate "2013.08.03"]
[EventType "swiss"]
[EventRounds "9"]
[EventCountry "GER"]
[SourceTitle "CBM 155 Extra"]
[Source "ChessBase"]
[SourceDate "2013.08.26"]
[SourceVersion "1"]
[SourceVersionDate "2013.08.26"]
[SourceQuality "1"]

1. e4 d6 2. d4 Nf6 3. Nc3 g6 4. Nf3 Bg7 5. Be2 0-0 6. 0-0 e5 7. Bg5 h6 8. dxe5 hxg5 9. exf6 Bxf6 10. Qd2 Nc6 11. Rab1 g4 12. Ne1 Kg7 13. Nd5 Ne5 14. f4 gxf3 15. Nxf3 Nxf3+ 16. Bxf3 Be5 17. c3 Rh8 18. g3 Bd7 19. Rf2 c6 20. Nf4 Qe7 21. Rd1 Rad8 22. Rdf1 Bc8 23. Bg2 Rh6 24. Nd3 f6 25. Nxe5 dxe5 26. Qe3 g5 27. Qxa7 Rdh8 28. Qe3 Rxh2 29. Rxf6 Rxg2+ 30. Kxg2 Bh3+ 31. Kg1 Qxf6 32. Rxf6 Kxf6 33. Qd2 Re8 34. Qd6+ Be6 35. b3 Re7 36. Qd8 Kf7 37. Qh8 Bg4 38. Qh7+ Kf8 39. Qh6+ Rg7 40. Qf6+ Rf7 41. Qxg5 Be6 42. Qxe5 Re7 43. Qf6+ Bf7 44. e5 Re6 45. Qh8+ Bg8 46. g4 Rg6 47. Qh5 Bf7 48. Qf5 Kg7 49. g5 Be6 50. Qf4 Bf7 51. c4 Re6 52. Kf2 Kf8 53. Kg3 Ke7 54. Qd4 Ke8 55. Kf4 Bg6 56. Qa7 Re7 57. Qb8+ Kf7 58. c5 Bb1 59. a3 Ba2 60. b4 Bb3 61. Qh8 Bc2 62. Qf6+ Ke8 63. g6 Bb3 64. g7 Bf7 65. Kg5 Re6 66. Qf5 Ke7 67. Qe4 Ke8 68. a4 Bg8 69. b5 Kf7 70. bxc6 bxc6 71. a5 Kxg7 72. a6 Bh7 73. Qf4 Rg6+ 74. Kh4 1-0

[Event "Leverkusen Bayer op 9th"]
[Site "Leverkusen"]
[Date "2011.02.21"]
[Round "4"]
[White "Johann, Hans Werner"]
[Black "Buchfelder, Gerhard"]
[Result "1/2-1/2"]
[WhiteElo "1335"]
[BlackElo "1490"]
[PlyCount "50"]
[EventDate "2011.01.10"]
[EventType "swiss"]
[EventRounds "7"]
[EventCountry "GER"]
[SourceTitle "EXT 2012"]
[Source "ChessBase"]
[SourceDate "2011.11.24"]
[SourceVersion "1"]
[SourceVersionDate "2011.11.24"]
[SourceQuality "1"]

1. d4 c5 2. e3 Nf6 3. dxc5 Qa5+ 4. Qd2 Qxc5 5. Qc3 e5 6. Qxc5 Bxc5 7. Nc3 0-0 8. Bd3 d5 9. h3 a6 10. a3 e4 11. Be2 Be6 12. b4 Ba7 13. b5 Bb6 14. Bd2 Ba5 15. Nb1 Bb6 16. bxa6 bxa6 17. Bd1 d4 18. exd4 Bxd4 19. Bc3 Nc6 20. Ne2 Rfd8 21. 0-0 Bc4 22. Re1 Be5 23. Bxe5 Nxe5 24. Ng3 Rd7 25. Nc3 Re8 1/2-1/2

[Event "Leverkusen-ch op"]
[Site "Leverkusen"]
[Date "2010.04.12"]
[Round "6"]
[White "Buchfelder, Gerhard"]
[Black "Schmald, Nikolai"]
[Result "0-1"]
[WhiteElo "1484"]
[BlackElo "1744"]
[PlyCount "56"]
[EventDate "2010.01.18"]
[EventType "swiss"]
[EventRounds "7"]
[EventCountry "GER"]
[SourceTitle "EXT 2011"]
[Source "ChessBase"]
[SourceDate "2010.11.26"]
[SourceVersion "1"]
[SourceVersionDate "2010.11.26"]
[SourceQuality "1"]

1. d4 e6 2. c4 d5 3. Nc3 Nf6 4. cxd5 exd5 5. Bg5 Be7 6. e3 Bf5 7. Qb3 Nbd7 8. Nf3 0-0 9. Be2 h6 10. Bxf6 Nxf6 11. Ne5 Rb8 12. g4 Be4 13. f3 Bh7 14. Rg1 c6 15. Qd1 Nd7 16. Nd3 Bh4+ 17. Kf1 Re8 18. Qd2 Qe7 19. Nd1 Bxd3 20. Qxd3 Rbd8 21. Rc1 c5 22. b3 cxd4 23. Qxd4 Nf8 24. Rc2 Ne6 25. Qd2 d4 26. e4 Bg5 27. Qd3 Nf4 28. Qc4 d3 0-1

[Event "Cologne Ford op"]
[Site "Cologne"]
[Date "2009.06.15"]
[Round "7"]
[White "Brausewetter, Joerg"]
[Black "Buchfelder, Gerhard"]
[Result "1/2-1/2"]
[WhiteElo "1443"]
[BlackElo "1438"]
[PlyCount "33"]
[EventDate "2009.04.27"]
[EventType "swiss"]
[EventRounds "7"]
[EventCountry "GER"]
[SourceTitle "EXT 2011"]
[Source "ChessBase"]
[SourceDate "2010.11.26"]
[SourceVersion "1"]
[SourceVersionDate "2010.11.26"]
[SourceQuality "1"]

1. e4 e5 2. Nf3 Nc6 3. Bc4 Bc5 4. c3 Nf6 5. d4 exd4 6. cxd4 Bb4+ 7. Nc3 d6 8. 0-0 h6 9. Re1 0-0 10. a3 Ba5 11. b4 Bb6 12. Bb2 a6 13. h3 Re8 14. a4 Re7 15. b5 axb5 16. Nxb5 Qe8 17. e5 1/2-1/2

[Event "Cologne Ford op"]
[Site "Cologne"]
[Date "2009.05.11"]
[Round "3"]
[White "Gillar, Frank"]
[Black "Buchfelder, Gerhard"]
[Result "0-1"]
[WhiteElo "1294"]
[BlackElo "1438"]
[PlyCount "114"]
[EventDate "2009.04.27"]
[EventType "swiss"]
[EventRounds "7"]
[EventCountry "GER"]
[SourceTitle "EXT 2011"]
[Source "ChessBase"]
[SourceDate "2010.11.26"]
[SourceVersion "1"]
[SourceVersionDate "2010.11.26"]
[SourceQuality "1"]

1. d4 f5 2. Nf3 Nf6 3. c4 e6 4. Nc3 c6 5. e3 Be7 6. Bd3 0-0 7. 0-0 Qe8 8. Re1 d5 9. Ne2 Bd6 10. c5 Bc7 11. Rb1 Nbd7 12. Bc2 Ne4 13. Nf4 Qe7 14. Bd2 Ndf6 15. Bb4 Kh8 16. a4 a5 17. Ba3 Rg8 18. Nd2 g5 19. Nh3 Qf7 20. Nxe4 fxe4 21. b3 g4 22. Nf4 Qg7 23. g3 Qg5 24. Qe2 h5 25. Qf1 Rg7 26. b4 axb4 27. Rxb4 Ba5 28. Reb1 Bxb4 29. Bxb4 Rh7 30. Bc3 h4 31. a5 hxg3 32. fxg3 Kg8 33. Rb6 Qh6 34. Qe2 Ra6 35. Rb2 Ra7 36. Bd1 Rg7 37. Qf1 Qg5 38. Rf2 Rf7 39. Be2 Ra8 40. Qd1 Bd7 41. Bf1 Re8 42. Qb1 Bc8 43. Qa2 Ref8 44. a6 bxa6 45. Bxa6 Ra7 46. Qa4 Rxa6 47. Nxe6 Qxe3 48. Bd2 Qxf2+ 49. Kxf2 Rxa4 50. Nxf8 Kxf8 51. Ke3 Kf7 52. Kf4 Ra2 53. Be3 Rxh2 54. Ke5 Ne8 55. Bf2 Rh5+ 56. Kf4 Kg6 57. Be3 Ng7 0-1

[Event "Leverkusen-ch op"]
[Site "Leverkusen"]
[Date "2009.03.02"]
[Round "4"]
[White "Buchfelder, Gerhard"]
[Black "Gnass, Arno"]
[Result "1/2-1/2"]
[WhiteElo "1455"]
[BlackElo "1685"]
[PlyCount "130"]
[EventDate "2009.01.12"]
[EventType "swiss"]
[EventRounds "7"]
[EventCountry "GER"]
[SourceTitle "EXT 2010"]
[Source "ChessBase"]
[SourceDate "2010.11.25"]
[SourceVersion "1"]
[SourceVersionDate "2010.11.25"]
[SourceQuality "1"]

1. e4 e5 2. Nf3 Nf6 3. Nxe5 d6 4. Nf3 Nxe4 5. Be2 Be7 6. d3 Nf6 7. 0-0 0-0 8. Re1 Re8 9. Nc3 d5 10. Bg5 h6 11. Bh4 c5 12. h3 Nc6 13. Bg3 a6 14. Qd2 b5 15. a3 Bb7 16. Rad1 Qa5 17. Bh2 d4 18. Nb1 Qxd2 19. Nbxd2 Rad8 20. Nb3 Rd7 21. Bf1 a5 22. Be5 a4 23. Bxf6 axb3 24. Bxe7 bxc2 25. Rc1 Rdxe7 26. Rxe7 Nxe7 27. Nd2 b4 28. axb4 cxb4 29. Rxc2 Nc6 30. Nb3 Re1 31. Nc5 Ba8 32. Re2 Rxe2 33. Bxe2 Kf8 34. Bf3 Ke7 35. Nb3 Kd6 36. Nxd4 Nxd4 37. Bxa8 Ne2+ 38. Kf1 Nc1 39. d4 Nd3 40. Ke2 Nxb2 41. Kd2 Na4 42. Kc2 Nb6 43. Be4 g6 44. Kb3 Nd5 45. g3 Nc3 46. Bf3 Nd5 47. Kc4 Ne7 48. Kxb4 f5 49. Kc4 g5 50. Be2 Nd5 51. Bd3 f4 52. Be4 Nf6 53. Bf3 Ke6 54. Kc5 fxg3 55. fxg3 Nd7+ 56. Kc6 Nf6 57. d5+ Ke7 58. Kc7 Ne8+ 59. Kc6 Nd6 60. g4 Nc4 61. Be4 Nd6 62. Bf5 Nc4 63. Kc7 Nd6 64. Bg6 Nc4 65. Bf5 Nd6 1/2-1/2

[Event "Leverkusen-ch op"]
[Site "Leverkusen"]
[Date "2009.01.12"]
[Round "1"]
[White "Angermuende, Dirk"]
[Black "Buchfelder, Gerhard"]
[Result "1-0"]
[WhiteElo "1966"]
[BlackElo "1455"]
[PlyCount "53"]
[EventDate "2009.01.12"]
[EventType "swiss"]
[EventRounds "7"]
[EventCountry "GER"]
[SourceTitle "EXT 2010"]
[Source "ChessBase"]
[SourceDate "2010.11.25"]
[SourceVersion "1"]
[SourceVersionDate "2010.11.25"]
[SourceQuality "1"]

1. e4 e5 2. Nf3 Nc6 3. c3 Be7 4. d4 exd4 5. cxd4 d6 6. h3 Nf6 7. Bd3 h6 8. Nc3 0-0 9. Be3 a6 10. Rc1 Bd7 11. 0-0 Qc8 12. Bb1 Rd8 13. Kh2 Bf8 14. Qd2 Ne7 15. Rfd1 b6 16. e5 Ne8 17. Bf4 d5 18. g4 Be6 19. Ne2 Ra7 20. Rg1 Ng6 21. Be3 Qd7 22. Ng3 Be7 23. Nf5 Bf8 24. Qc2 Rc8 25. N5h4 c5 26. Nxg6 cxd4 27. Ne7+ 1-0

[Event "Bergisch Gladbach-ch"]
[Site "Bergisch Gladbach"]
[Date "2008.09.19"]
[Round "6"]
[White "Seelig, Jochen"]
[Black "Buchfelder, Gerhard"]
[Result "0-1"]
[WhiteElo "1392"]
[BlackElo "1463"]
[PlyCount "70"]
[EventDate "2008.08.15"]
[EventType "swiss"]
[EventRounds "7"]
[EventCountry "GER"]
[SourceTitle "EXT 2011"]
[Source "ChessBase"]
[SourceDate "2010.11.26"]
[SourceVersion "1"]
[SourceVersionDate "2010.11.26"]
[SourceQuality "1"]

1. b3 e5 2. Bb2 Nc6 3. e3 d6 4. Nf3 Nf6 5. Bb5 Bd7 6. d3 Be7 7. Bxc6 Bxc6 8. e4 0-0 9. h3 Bd7 10. g4 Ne8 11. a4 c6 12. c4 Nc7 13. a5 Ne6 14. Nc3 Nf4 15. Ne2 Ng2+ 16. Kf1 Nh4 17. Nxh4 Bxh4 18. Rg1 Qf6 19. Ng3 g6 20. Kg2 Be6 21. d4 Rac8 22. d5 cxd5 23. exd5 Bd7 24. Qf3 Qe7 25. Kh2 f5 26. Qe2 fxg4 27. hxg4 Qg5 28. Kh3 Rxf2 29. Qxf2 Qxg4+ 30. Kg2 Qh3+ 31. Kf3 Rf8+ 32. Ke2 Rxf2+ 33. Kxf2 Qh2+ 34. Rg2 Bxg3+ 35. Kf1 Bh3 0-1

[Event "Leverkusen-ch op"]
[Site "Leverkusen"]
[Date "2008.02.25"]
[Round "4"]
[White "Buchfelder, Gerhard"]
[Black "Azimi, Reza"]
[Result "1-0"]
[WhiteElo "1442"]
[BlackElo "1321"]
[PlyCount "111"]
[EventDate "2008.01.14"]
[EventType "swiss"]
[EventRounds "7"]
[EventCountry "GER"]
[SourceTitle "EXT 2010"]
[Source "ChessBase"]
[SourceDate "2010.11.25"]
[SourceVersion "1"]
[SourceVersionDate "2010.11.25"]
[SourceQuality "1"]

1. e4 c5 2. Nc3 a6 3. f4 e5 4. fxe5 d6 5. Nf3 Bg4 6. exd6 Bxd6 7. Bc4 Nc6 8. 0-0 Ne5 9. Be2 Bxf3 10. Bxf3 Nf6 11. d3 Bc7 12. Bf4 Qd6 13. Kh1 0-0 14. Qe2 Qe6 15. Rad1 Rad8 16. a3 b5 17. Rd2 Rd4 18. Be3 Qd6 19. g3 b4 20. Bxd4 Qxd4 21. axb4 cxb4 22. Nd1 a5 23. c3 bxc3 24. Nxc3 Bb6 25. Kg2 Re8 26. Qd1 a4 27. Qxa4 Nxf3 28. Rxf3 Qg1+ 29. Kh3 Qc5 30. Qd1 Qh5+ 31. Kg2 Qh6 32. Ne2 Ng4 33. h4 Ne3+ 34. Rxe3 Qxe3 35. Nf4 Qd4 36. Nd5 Ba7 37. Qf1 Rb8 38. b4 Kf8 39. Rc2 f6 40. Nf4 Re8 41. Rc6 Qxb4 42. Qc1 Bb6 43. Nd5 Qb5 44. Rxb6 Qxd3 45. Qc5+ Kg8 46. Ne7+ Kh8 47. Re6 Qe2+ 48. Kh3 Qf1+ 49. Kh2 Qe2+ 50. Kg1 Qe1+ 51. Kg2 Qe2+ 52. Qf2 Qh5 53. Qf3 Qf7 54. Qf5 Rxe7 55. Rxe7 Qf8 56. Qe6 1-0

[Event "Troisdorf op"]
[Site "Troisdorf"]
[Date "2007.11.09"]
[Round "4"]
[White "Buchfelder, Gerhard"]
[Black "Heck, Ewald"]
[Result "1-0"]
[WhiteElo "1449"]
[BlackElo "1790"]
[PlyCount "45"]
[EventDate "2007.10.16"]
[EventType "swiss"]
[EventRounds "5"]
[EventCountry "GER"]
[SourceTitle "EXT 2011"]
[Source "ChessBase"]
[SourceDate "2010.11.26"]
[SourceVersion "1"]
[SourceVersionDate "2010.11.26"]
[SourceQuality "1"]

1. e4 c5 2. Nc3 Nc6 3. f4 e6 4. Nf3 d5 5. Bb5 Nge7 6. 0-0 Bd7 7. exd5 exd5 8. Qe1 a6 9. Bxc6 Bxc6 10. Ne5 Qd6 11. d3 f6 12. Nxc6 Qxc6 13. Bd2 Kf7 14. f5 Re8 15. Qf2 Nc8 16. Qf3 Rd8 17. Rae1 Bd6 18. Re6 Rhe8 19. Rfe1 Rxe6 20. Qh5+ Kg8 21. fxe6 g6 22. Qf3 Be5 23. Rxe5 1-0

[Event "Leverkusen-ch op"]
[Site "Leverkusen"]
[Date "2007.03.26"]
[Round "7"]
[White "Buchfelder, Gerhard"]
[Black "Liebsch, Conrad"]
[Result "1-0"]
[WhiteElo "1514"]
[BlackElo "1203"]
[PlyCount "57"]
[EventDate "2007.01.08"]
[EventType "swiss"]
[EventRounds "7"]
[EventCountry "GER"]
[SourceTitle "EXT 2008"]
[Source "ChessBase"]
[SourceDate "2007.11.25"]
[SourceVersion "1"]
[SourceVersionDate "2007.11.25"]
[SourceQuality "1"]

1. d4 d5 2. c4 dxc4 3. e3 Nf6 4. Bxc4 Bf5 5. Nc3 e6 6. Nge2 Bb4 7. 0-0 0-0 8. f3 h6 9. e4 Bh7 10. Be3 Nc6 11. Qe1 a6 12. Qg3 Kh8 13. Rad1 b5 14. Bd3 Be7 15. a3 Nh5 16. Qh3 Bg6 17. g4 Nf6 18. g5 Nh7 19. gxh6 Bg5 20. hxg7+ Kxg7 21. f4 Be7 22. f5 exf5 23. exf5 Ng5 24. Bxg5 Bxg5 25. fxg6 Rh8 26. Rxf7+ Kg8 27. Rh7 Bf6 28. Rxh8+ Bxh8 29. Qh7+ 1-0

[Event "Leverkusen-ch op"]
[Site "Leverkusen"]
[Date "2007.03.12"]
[Round "6"]
[White "Bosbach, Jens"]
[Black "Buchfelder, Gerhard"]
[Result "1-0"]
[WhiteElo "1867"]
[BlackElo "1514"]
[PlyCount "91"]
[EventDate "2007.01.08"]
[EventType "swiss"]
[EventRounds "7"]
[EventCountry "GER"]
[SourceTitle "EXT 2008"]
[Source "ChessBase"]
[SourceDate "2007.11.25"]
[SourceVersion "1"]
[SourceVersionDate "2007.11.25"]
[SourceQuality "1"]

1. d4 Nf6 2. Nf3 e6 3. e3 b6 4. Nbd2 Bb7 5. Be2 c5 6. 0-0 d5 7. Ne5 Nbd7 8. f4 Bd6 9. c3 0-0 10. Bd3 Ne8 11. g4 f5 12. g5 g6 13. Ndf3 Ng7 14. Bd2 c4 15. Be2 Re8 16. h4 Bf8 17. Kf2 Re7 18. Rh1 Qe8 19. Nxd7 Rxd7 20. Ne5 Re7 21. h5 gxh5 22. Bxh5 Nxh5 23. Rxh5 Bg7 24. Qh1 Bxe5 25. fxe5 Rg7 26. Rg1 Qf7 27. Qh4 Bc6 28. g6 Qe7 29. Rxh7 Qxh4+ 30. Rxh4 Be8 31. Rh6 Rc8 32. Kf3 Rcc7 33. Be1 Kf8 34. Bh4 Ba4 35. Bf6 Rg8 36. Rh7 Rxg6 37. Rh8+ Kf7 38. Rgh1 Rxf6 39. R8h7+ Kg8 40. Rxc7 Rg6 41. Rxa7 Bc2 42. Kf2 Be4 43. Rg1 Rxg1 44. Kxg1 Bc2 45. Rb7 Bb1 46. a3 1-0

[Event "Troisdorf op"]
[Site "Troisdorf"]
[Date "2006.11.28"]
[Round "6"]
[White "Raabe, Joachim"]
[Black "Buchfelder, Gerhard"]
[Result "1-0"]
[WhiteElo "1920"]
[BlackElo "1477"]
[PlyCount "69"]
[EventDate "2006.10.24"]
[EventType "swiss"]
[EventRounds "7"]
[EventCountry "GER"]
[SourceTitle "EXT 2011"]
[Source "ChessBase"]
[SourceDate "2010.11.26"]
[SourceVersion "1"]
[SourceVersionDate "2010.11.26"]
[SourceQuality "1"]

1. e4 c5 2. c4 e6 3. Nc3 Nc6 4. g3 b6 5. Bg2 Bb7 6. Nge2 g6 7. 0-0 Bg7 8. Nb5 d6 9. Rb1 Nf6 10. d4 a6 11. Nxd6+ Qxd6 12. e5 Qd7 13. exf6 Bxf6 14. d5 exd5 15. cxd5 Nd4 16. Nxd4 Bxd4 17. Re1+ Kf8 18. Bh6+ Bg7 19. Qd2 Rd8 20. Qc3 Rg8 21. Bxg7+ Rxg7 22. Rbd1 Qd6 23. Re3 Bc8 24. Rde1 f6 25. R1e2 Bd7 26. Qe1 Rf7 27. h4 h5 28. b3 b5 29. Qc1 Kg7 30. Rc3 Rc8 31. Rec2 c4 32. bxc4 b4 33. c5 Qe5 34. Re3 Qd4 35. Rc4 1-0

[Event "Troisdorf op"]
[Site "Troisdorf"]
[Date "2006.10.24"]
[Round "1"]
[White "Buchfelder, Gerhard"]
[Black "Weber, Olaf"]
[Result "0-1"]
[WhiteElo "1477"]
[BlackElo "1833"]
[PlyCount "70"]
[EventDate "2006.10.24"]
[EventType "swiss"]
[EventRounds "7"]
[EventCountry "GER"]
[SourceTitle "EXT 2011"]
[Source "ChessBase"]
[SourceDate "2010.11.26"]
[SourceVersion "1"]
[SourceVersionDate "2010.11.26"]
[SourceQuality "1"]

1. e4 c5 2. Nf3 e6 3. d4 cxd4 4. Nxd4 Nf6 5. Nc3 Bb4 6. Bd3 a6 7. Bd2 Nc6 8. Nxc6 bxc6 9. 0-0 Be7 10. Kh1 0-0 11. f4 d5 12. e5 Nd7 13. Rf3 f5 14. exf6 Nxf6 15. Qe2 c5 16. Qf2 c4 17. Bf1 Bb7 18. Rh3 Rc8 19. Qe1 Qd6 20. Rd1 Bd8 21. Be3 Ng4 22. Bc1 Bb6 23. Rf3 d4 24. Ne4 Qd5 25. Rg3 Qxe4 26. Rxg4 Qxe1 27. Rxe1 Bd5 28. b3 cxb3 29. cxb3 Rc2 30. Bxa6 Ra8 31. Bc4 Bxc4 32. bxc4 Raxa2 33. h4 Ra1 34. Bd2 Rxe1+ 35. Bxe1 Rc1 0-1